New beginnings : the ordering and designing of the realm of freedom /

Bibliographic Details
Main Author: Hensman,C. R.
Format: Book
Language:English
Published: Mount Lavinia, Sri Lanka : Third World Perspectives, 1992
Subjects:
Classic Catalogue: View this record in Classic Catalogue
LEADER 00836nam a2200229 a 4500
001 2523789
008 091231s1992 enka b 001 0 eng d
010 |a  93024661  
020 |a  9559546201 
040 |a BD-DhAAL  |c BD-DhAAL  |d DLC  |d BD-DhAAL 
082 0 0 |a 128  |2 20 
100 1 |a Hensman,C. R. 
245 0 0 |a New beginnings :  |b the ordering and designing of the realm of freedom /  |c C R Hensman. 
260 |a Mount Lavinia, Sri Lanka :  |b Third World Perspectives,  |c 1992 
300 |a 179 p. :  |b ill. ;  |c 21 cm. 
362 0 |a Vol. 1 
500 |a Vol. 1, Capitivity. 
541 1 |e 00006106 
650 0 |a Philosophical anthropology. 
852 4 |a Ayesha Abed Library  |j General shelf  
999 |c 6648  |d 6648 
952 |0 0  |1 0  |2 ddc  |4 0  |6 128_HEN_199200000000000  |7 0  |9 6811  |a BRACUL  |b BRACUL  |c GEN  |d 2010-01-03  |l 0  |o 128 HEN  |p 3010006106  |r 2010-01-03  |t 1  |w 2010-01-03  |y BK